Lesser Known Literature Quiz Stats

 Plays Quiz not verified by Sporcle

Support Sporcle.
Go Orange.
Score 0/45 Timer 08:00
0 Plays Today
Hint Answer % Correct
Jane Austen NovelsEmma
62.9%
Winnie the Pooh CharactersOwl
60.6%
Winnie the Pooh CharactersKanga
55.4%
Jane Austen NovelsSense and Sensibility
53.7%
Jane Austen NovelsPersuasion
53.7%
Winnie the Pooh CharactersEeyore
50.9%
Jane Austen NovelsMansfield Park
49.7%
Winnie the Pooh CharactersChristopher Robin
47.4%
Jane Austen NovelsNorthanger Abbey
46.9%
Winnie the Pooh CharactersRabbit
42.9%
Shakespeare PlaysTimon of Athens
26.9%
Shakespeare PlaysCymbeline
25.1%
Shakespeare PlaysPericles
22.9%
Shakespeare PlaysCoriolanus
21.7%
Charles Dickens NovelsDombey and Son
15.4%
Shakespeare PlaysThe Two Noble Kinsmen
12%
Words used in Green Eggs and Hamsay
10.3%
Roald Dahl BooksThe Magic Finger
8%
Charles Dickens NovelsThe Cricket on the Hearth
7.4%
Charles Dickens NovelsThe Chimes
7.4%
Roald Dahl BooksThe Enormous Crocodile
5.7%
Harry Potter Top 200Adrian Pucey
5.1%
Charles Dickens NovelsThe Haunted Man
5.1%
Hint Answer % Correct
Harry Potter Top 200Hassan Mostafa
4.6%
Lord of the Rings Top 50Gildor Inglorion
4.6%
Roald Dahl BooksThe Min Pins
4.6%
Words used in Green Eggs and Hamthey
4%
Stephen King NovelsRoadwork
4%
Stephen King NovelsCycle of the Werewolf
4%
Words used in Green Eggs and Hamthank
3.4%
Harry Potter Top 200Bogrod
2.9%
Harry Potter Top 200Warrington
2.9%
Harry Potter Top 200Karkus
2.9%
Words used in Green Eggs and Hammay
2.9%
Lord of the Rings Top 50Imrahil
2.9%
Lord of the Rings Top 50Helm Hammerhand
2.9%
Roald Dahl BooksThe Gremlins
2.9%
Stephen King NovelsBlack House
2.9%
Stephen King NovelsBlaze
2.9%
Stephen King NovelsThe Colorado Kid
2.9%
Words used in Green Eggs and Hamgood
2.3%
Lord of the Rings Top 50Eorl the Young
2.3%
Lord of the Rings Top 50Arvedui
2.3%
Charles Dickens NovelsThe Battle of Life
2.3%
Roald Dahl BooksThe Vicar of Nibbleswicke
1.7%

You're not logged in!

Compare scores with friends on all Sporcle quizzes.
OR
Log In

From the Vault

Mesmerizing Math Maze

by vikZ

You are getting very sleepy...wait...now you're drooling. Okay, seriously, you can wake up now.
Remove Ads.
Support Sporcle.
Get the best of Sporcle when you Go Orange. This ad-free experience offers more features, more stats, and more fun while also helping to support Sporcle. Thank you for becoming a member.

Show Comments

Extras

Top Quizzes Today


Score Distribution

Your Account Isn't Verified!

In order to create a playlist on Sporcle, you need to verify the email address you used during registration. Go to your Sporcle Settings to finish the process.

Report this User

Report this user for behavior that violates our Community Guidelines.

Details: